Preparación y evaluación de proyectos (Registro nro. 21310)
[ vista simple ]
| 000 -CABECERA | |
|---|---|
| Longitud fija campo de control | 00685nam a22002177a 4500 |
| 003 - IDENTIFICADOR DELl NÚMERO DE CONTROL | |
| Identificador del número de control | OSt |
| 005 - FECHA Y HORA DE LA ÚLTIMA TRANSACCIÓN | |
| Fecha y hora de la última transacción | 20190214182538.0 |
| 008 - CÓDIGOS DE INFORMACIÓN DE LONGITUD FIJA | |
| Códigos de información de longitud fija | 150605b xxu||||| |||| 00| 0 eng d |
| 020 ## - NÚMERO INTERNACIONAL NORMALIZADO PARA LIBROS | |
| Número Internacional Normalizado para Libros (ISBN) | 978-607-15-1144-7 |
| 040 ## - FUENTE DE LA CATALOGACIÓN | |
| Centro catalogador de origen | DLC |
| Centro transcriptor | BMC |
| 082 ## - NÚMERO DE LA CLASIFICACIÓN DECIMAL DEWEY | |
| Númeroo de clasificación | 658.152 |
| 100 1# - PUNTO DE ACCESO PRINCIPAL-NOMBRE DE PERSONA | |
| Nombre de persona | Sapag Chain, Nassir |
| 9 (RLIN) | 8561 |
| 245 10 - MENCIÓN DE TÍTULO | |
| Título | Preparación y evaluación de proyectos |
| Mención de responsabilidad, etc. | Nassir Sapag Chain, Reinaldo Sapag Chain, José Manuel Sapag Puelma |
| 250 ## - MENCIÓN DE EDICIÓN | |
| Mención de edición | 6ª ed |
| 260 ## - PUBLICACIÓN, DISTRIBUCIÓN, ETC. (PIE DE IMPRENTA) | |
| Lugar de publicación, distribución, etc. | Mexico D.F. [etc.] |
| Nombre del editor, distribuidor, etc. | McGraw-Hill |
| Fecha de publicación, distribución, etc. | 2014 |
| 300 ## - DESCRIPCIÓN FÍSICA | |
| Extensión | IX, 354 p. |
| Otras características físicas | il. |
| Dimensiones | 27 cm |
| 650 24 - PUNTO DE ACCESO ADICIONAL DE MATERIA - TÉRMINO DE MATERIA | |
| Término de materia o nombre geográfico como elemento inicial | Evaluación de proyectos |
| 9 (RLIN) | 6014 |
| 700 10 - PUNTO DE ACCESO ADICIONAL - NOMBRE DE PERSONA | |
| Nombre de persona | Sapag Chain, Reinaldo |
| 9 (RLIN) | 8562 |
| 700 10 - PUNTO DE ACCESO ADICIONAL - NOMBRE DE PERSONA | |
| Nombre de persona | Sapag Puelma,Jose Manuel |
| 9 (RLIN) | 34883 |
| 942 ## - ENTRADA DE ELEMENTOS AGREGADOS (KOHA) | |
| Fuente de clasificaión o esquema | Dewey Decimal Classification |
| Koha [por defecto] tipo de item | 1- Monografias |
| Suprimido | Perdido | Fuente de clasificación o esquema | Estropeado | Restricciones de uso | No para préstamo | Código de colección | Localización permanente | Localización actual | Localización en estanter&íacute;as | Fecha adquisición | Fuente de adquisición | Número de inventario | Préstamos totales | Signatura completa | Código de barras | Fecha última consulta | Fecha último préstamo | Coste, precio reemplazado | Fecha del precio de reemplazo | Tipo de item de Koha | Renovaciones totales |
|---|---|---|---|---|---|---|---|---|---|---|---|---|---|---|---|---|---|---|---|---|---|
| NULL | NULL | Dewey Decimal Classification | NULL | Prestable | NULL | NULL | Biblioteca Centro Regional de Ilobasco | Biblioteca Centro Regional de Ilobasco | Sala Principal | 05/06/2015 | UNICAES | LI000361 | 2 | 658.152 SAP pre | 1031586 | 20/06/2024 | 20/06/2024 | 22.11 | 05/06/2015 | 1- Monografias | |
| NULL | NULL | Dewey Decimal Classification | NULL | Prestable | NULL | NULL | Biblioteca Centro Regional de Ilobasco | Biblioteca Centro Regional de Ilobasco | Sala Principal | 05/06/2015 | UNICAES | LI000362 | 658.152 SAP pre | 1031587 | 05/06/2015 | 22.11 | 05/06/2015 | 1- Monografias | |||
| NULL | NULL | Dewey Decimal Classification | NULL | Prestable | NULL | NULL | Biblioteca Centro Regional de Ilobasco | Biblioteca Centro Regional de Ilobasco | Sala Principal | 05/06/2015 | UNICAES | LI000363 | 2 | 658.152 SAP pre | 1031588 | 03/02/2026 | 04/10/2025 | 22.11 | 05/06/2015 | 1- Monografias | |
| NULL | NULL | Dewey Decimal Classification | NULL | Prestable | NULL | NULL | Biblioteca Miguel de Cervantes - UNICAES | Biblioteca Miguel de Cervantes - UNICAES | Sala Principal | 11/02/2019 | Donación - Proyecto de USAID de Educación Superior para el crecimiento económico | 034313 | 4 | 658.152 SAP pre | 1045293 | 08/06/2024 | 10/02/2024 | 33.00 | 14/02/2019 | 1- Monografias | 2 |
| NULL | NULL | Dewey Decimal Classification | NULL | Prestable | NULL | NULL | Biblioteca Miguel de Cervantes - UNICAES | Biblioteca Miguel de Cervantes - UNICAES | Sala Principal | 11/02/2019 | Donación - Proyecto de USAID de Educación Superior para el crecimiento económico | 034314 | 3 | 658.152 SAP pre | 1045294 | 15/08/2022 | 15/08/2022 | 33.00 | 14/02/2019 | 1- Monografias | |
| NULL | NULL | Dewey Decimal Classification | NULL | Prestable | NULL | NULL | Biblioteca Miguel de Cervantes - UNICAES | Biblioteca Miguel de Cervantes - UNICAES | Sala Principal | 11/02/2019 | Donación - Proyecto de USAID de Educación Superior para el crecimiento económico | 034315 | 2 | 658.152 SAP pre | 1045295 | 17/10/2019 | 14/10/2019 | 33.00 | 14/02/2019 | 1- Monografias |